000 01056 a2200229 4500
001 54556
005 20260407155819.0
008 260407a2005 arg spa d
003 AR-UNSa-BCEJYS
040 _aAR-UNSa-BCEJYS
_bspa
_cAR-UNSa-BCEJYS
080 _a330.342.146
_xEconomía social de mercado. Economía del estado del bienestar
245 1 0 _aHacia la nueva civilización
_ptestimonios desde el humanismo económico
020 _a950-33-0513-6
264 1 _aCórdoba :
_bUniversidad Nacional de Córdoba
_c2005
300 _a2 v.
_c21 cm.
505 _aVol. I: 1. El humanismo económico: conceptualización y aportes – 2. Responsabilidad social de intelectuales, dirigentes y funcionarios – 3. Integración regional y comercio exterior – 4. La economía gubernamental – 5. La construcción de una civilización solidaria.
041 _aspa
942 _cBK
590 _aniveau_biblio:m niveau_hierar:0
100 1 _aDi Marco, Luis Eugenio
700 1 _aEncuentro Internacional de Economía (5º : 2005 ago. : Córdoba, Argentina)
999 _c5636
_d5636